Jeux Vidéo Par Lettre - Lettre "A" - Statistiques

Statistiques générales
  • Ce quiz a été pris 65 fois
  • Le résultat moyen est 3 sur 15
Statistiques - réponses
Indice Réponse % Correct
Quel jeu de Nintendo permet au joueur de vivre sur une île avec des villageois animaux ? Animal Crossing
96%
Quel jeu de survie se déroule sur une carte infestée de dinosaure ? Ark
52%
Quel Pokémon de type insecte/poison évolue plus tard en Dardargnan ? Aspicot
44%
Quel jeu de tir/battle royal développé par Respawn Entertainment met en scène des légendes dotées de capacités uniques ? Apex Legends
41%
Quelle équipe criminelle de la région de Hoenn cherche à agrandir les océans dans Pokémon Rubis, Saphir et Émeraude ? Team Aqua
30%
Quel personnage jouable dans Overwatch est un tireur d’élite ombrageux armé d’un fusil biotique ? Ana
9%
Quel jeu de tir de Bohemia Interactive est connu pour son réalisme militaire ? Arma
9%
Quel personnage de Final Fantasy VII travaille comme vendeuse de fleurs et connaît un destin tragique ? Aerith
6%
Quel personnage de Street Fighter est un judoka costaud avec une tenue bleu et des bandes blanche sur les mains ? Abel
4%
Quel personnage de la saga Assassin’s Creed est le mentor de l’ordre aux États-Unis dans AC III ? Achilles
4%
Quel mode de jeu de Minecraft permet de visiter des mondes créés par d’autres joueurs sans casser de blocs ? Adventure Mode
2%
Comment s'appelle le robot compagnon emblématique de Portal ? ATLAS
2%
Quel antagoniste emblématique de Resident Evil est souvent associé au virus-T et apparaît dans plusieurs films ? Albert Wesker
0%
Dans The Legend of Zelda: Majora’s Mask, comment s’appelle la jeune femme de Bourg-Clocher qui tient l’auberge et attend le retour de Kafei ? Anju
0%
Quel personnage de Sonic est un échidné parfois surnommé Knuckles… mais avec son alter ego maléfique ? Anti-Knuckles
0%
Aucun quiz correspondant
Distribution des résultats
% des personnes avec chaque résultat
Percentile par nombre de réponses
Votre historique - résultats
Vous n’avez pas pris ce quiz